War with the newts / by karel capek: a new translation from the czech by Ewald Osers (Record no. 36944)

MARC details
000 -LEADER
fixed length control field 00443nam a2200169Ia 4500
020 ## - INTERNATIONAL STANDARD BOOK NUMBER
ISBN 9780945774105
050 ## - CALL MARK
Classification number PG 5038 .C3/
100 ## - STATEMENT OF RESPONSIBILITY--MAIN AUTHOR NAME
Personal name Capek, Karel
245 #0 - TITLE STATEMENT
Title War with the newts / by karel capek: a new translation from the czech by Ewald Osers
260 ## - PUBLICATION, DISTRIBUTION, ETC. (IMPRINT)
Place of publication New Jork
260 ## - PUBLICATION, DISTRIBUTION, ETC. (IMPRINT)
Name of publisher Catbird Press
260 ## - PUBLICATION, DISTRIBUTION, ETC. (IMPRINT)
Year of publication 1999
300 ## - PHYSICAL DESCRIPTION
Number of Pages 241 p
942 ## - ADDED ENTRY ELEMENTS (KOHA)
Koha item type Books
Holdings
Withdrawn status Lost status Source of classification or shelving scheme Damaged status Not for loan Permanent Location Current Location Date acquired Accession Number Price effective from Koha item type
    Library of Congress Classification     NILE UNIVERSITY OF NIGERIA - MAIN LIBRARY NILE UNIVERSITY OF NIGERIA - MAIN LIBRARY 04/23/2025 0186389 04/23/2025 Books